Everyman's dictionary of fictional characters /

Saved in:
Bibliographic Details
Main Author: Freeman, William, b. 1880
Other Authors: Urquhart, Fred, 1912-
Format: Book
Language:English
Published: London : Dent, 1973.
Edition:3rd ed. /
Series:Everyman's reference library
Subjects:
LEADER 01335nam a2200325 a 4500
001 c000374597
003 CARM
005 00000000000000.0
008 730504s1973 enk d 00110 eng d
015 |a B7311218 
019 1 |a 4000201  |z 1925825  |z 46582405  |z 27496333  |z 23859507  |z 50911970  |z 53955555  |z 59557557  |5 LACONCORD2021 
020 |a 0460030272 :  |c 2.50 
035 |a (OCoLC)123138421  |5 LACONCORD2021 
050 |a PR19 
100 1 |a Freeman, William,  |d b. 1880. 
245 1 0 |a Everyman's dictionary of fictional characters /  |c by William Freeman. 
250 |a 3rd ed. /  |b revised by Fred Urquhart ; with indexes of authors and titles by E.N. Pennell. 
260 |a London :  |b Dent,  |c 1973. 
300 |a xi, 579 p. ;  |c 20 cm. 
490 0 |a Everyman's reference library 
500 |a Previous ed. 1967. 
500 |a Includes indexes. 
650 0 |a English literature  |x Dictionaries. 
650 0 |a American literature  |x Dictionaries. 
650 0 |a Characters and characteristics in literature  |x Dictionaries. 
700 1 |a Urquhart, Fred,  |d 1912- 
740 0 |a Dictionary of fictional characters. 
852 8 |b CARM  |h A1:AL22E0  |i B10103  |p 0452382  |f BK 
999 f f |i c92fdb6c-9889-59e7-b880-0f9d77aa0c1e  |s 23e307b0-efea-5558-bdba-7c29c79665b2 
952 f f |p Can circulate  |a CAVAL  |b CAVAL  |c CAVAL  |d CARM 1 Store  |e B10103  |f A1:AL22E0  |h Other scheme  |i book  |m 0452382